| 000 | 00729cam a2200241u 4500 | ||
|---|---|---|---|
| 001 | 18750 | ||
| 003 | BD-RjUL | ||
| 005 | 20211209000329.0 | ||
| 008 | 140222s1962 enka 000 0 eng | ||
| 035 | _a(BD-RjUL)18808 | ||
| 040 |
_aDLC _cCarP _dDLC _dBD-RjUL _beng |
||
| 041 | _aeng | ||
| 082 |
_a823.7 _bHUM 1962 |
||
| 245 | 1 | 0 |
_aHumorists of the eighteenth century / _cEdited by G. G. Urwin |
| 260 |
_aLondon : _bJ. Murray, _cc1962. |
||
| 300 |
_a336 p. : _billus. ; _c20 cm. |
||
| 650 | 0 |
_aEnglish literature _y18th century. _94254 |
|
| 650 | 0 |
_aEnglish wit and humor. _957804 |
|
| 700 | 1 |
_aUrwin,G. G. , [from old catalog] _q( George Glencairn) ed. _957805 |
|
| 942 |
_2ddc _cBK |
||
| 999 |
_c18750 _d18750 |
||